Представление документа в формате MARC21

Поле Инд. ПП Название Значение
Тип записи a
Библиографический уровень m
001 Контрольный номер RU/IS/BASE/264538252
005 Дата корректировки 20250528143303.6
008 Кодируемые данные 19960911
020 00 a ISBN 5-02-012678-0
040 00 e Правила каталог. Л 960911
084 a Индекс другой классификации/Индекс ББК 85.03(0)4я43; 85.03(0)421я43; 85.03(0)44я43; 85.03(2=411.2)4я43
090 00 a Полочн. индекс 85.03(0)4я43
x Авторский знак В 428
097 00 a 230
245 00 a Заглавие Византия и Русь
c Ответственность ответственный редактор Г. К. Вагнер
260 00 a Место издания Москва
b Издательство Наука
c Дата издания 1989
300 00 a Объем 336 с.
b Иллюстрации/ тип воспроизводства ил.
336 a Термин вида содержания Текст
337 a Термин типа средства непосредственный
500 a Примечание Памяти Веры Дмитриевны Лихачевой. 1937-1981 гг.
600 14 a Персоналии Авессалом Ивирский
a Персоналии София Охридская
a Персоналии Феофан Грек
650 04 a Основная рубрика искусство
a Основная рубрика история искусства
653 00 a Ключевые слова "Родосские песни любви"
a Ключевые слова "Сказание о Борисе и Глебе"
a Ключевые слова архитектура
a Ключевые слова Благовещенский собор
a Ключевые слова взаимовлияние культур
a Ключевые слова византийское влияние
a Ключевые слова Византия
a Ключевые слова внешние влияния
a Ключевые слова древнерусская культура
a Ключевые слова древнерусская литература
a Ключевые слова древнерусская эстетика
a Ключевые слова древнерусское искусство
a Ключевые слова древний мир
a Ключевые слова Древняя Русь
a Ключевые слова живопись
a Ключевые слова Изборник 1073
a Ключевые слова изобразительное искусство
a Ключевые слова иконопись
a Ключевые слова историческая типология культур
a Ключевые слова история
a Ключевые слова история литературы
a Ключевые слова Киевская Псалтирь
a Ключевые слова Киевская Русь
a Ключевые слова книги
a Ключевые слова копирование
a Ключевые слова культурология
a Ключевые слова литературоведение
a Ключевые слова миниатюра
a Ключевые слова музыка
a Ключевые слова певческая культура
a Ключевые слова пение
a Ключевые слова пещерные храмы
a Ключевые слова рельеф
a Ключевые слова Россия
a Ключевые слова рукописи
a Ключевые слова русская культура
a Ключевые слова русская литература
a Ключевые слова Русский Север
a Ключевые слова русский язык
a Ключевые слова символизм
a Ключевые слова Сицилия
a Ключевые слова средние века
a Ключевые слова типология культур
a Ключевые слова филологические науки
a Ключевые слова фрески
a Ключевые слова Херсонес
a Ключевые слова храмы
a Ключевые слова художественная жизнь
a Ключевые слова художественная культура
a Ключевые слова церковнославянский язык
700 10 a Автор Вагнер Г. К.
e Роль лиц редактор
700 10 a Автор Удальцова З. В.
700 10 a Автор Беляев С. А.
700 10 a Автор Любарский Я. Н.
700 10 a Автор Лидов А. М.
700 10 a Автор Пуцко В. Г.
700 10 a Автор Пуцко-Бочкарева М. Н.
700 10 a Автор Фонкич Б. Л.
700 10 a Автор Медведев И. П.
700 10 a Автор Самодурова З. Г.
901 t Тип документа m
952 a Тип литературы для КСУ ВШ НПИ